| 000 | 00883nam a2200277Ia 4500 | ||
|---|---|---|---|
| 003 | OSt | ||
| 005 | 20220918171338.0 | ||
| 006 | a|||||r|||| 00| 0 | ||
| 007 | ta | ||
| 008 | 220917b |||||||| |||| 00| 0 eng d | ||
| 020 |
_a9781509910984 (hbk) _cUKP 60.00 |
||
| 024 | _a348,705 | ||
| 037 |
_b301, 19/03/2019, Classic Book Service _cTextual |
||
| 040 |
_aARTS _cARTS _beng |
||
| 041 |
_2eng _aeng |
||
| 082 | _aV5:2:(Z), Q9 | ||
| 100 |
_aBarber N. W. Ed. _936005 |
||
| 245 | 0 | _aRise and fall of the European Constitution | |
| 260 |
_aOxford _bHart London _c2019 |
||
| 300 |
_aviii,231p. _ccm. |
||
| 650 | _aHISTORY | ||
| 700 |
_a Cahill Maria Ed. _936006 |
||
| 700 |
_a Ekins Richard Ed. _936007 |
||
| 942 |
_hV5:2:(Z), Q9 _cTEXL _2CC |
||
| 999 |
_c139163 _d139163 |
||